|
|
|
|
| LEADER |
00000nam0a2200000 4500 |
| 001 |
246090 |
| 005 |
20231101232158.0 |
| 035 |
|
|
|a (RuTPU)RU\TPU\book\267530
|
| 090 |
|
|
|a 246090
|
| 100 |
|
|
|a 20131122d1984 k y0rusy50 ca
|
| 101 |
0 |
|
|a rus
|
| 102 |
|
|
|a RU
|
| 105 |
|
|
|a a z 001zy
|
| 200 |
1 |
|
|a Современные идеи теоретической геологии
|f И. А. Абрамович [и др.]
|
| 210 |
|
|
|a Ленинград
|c Недра
|d 1984
|
| 215 |
|
|
|a 280 с.
|c ил.
|
| 320 |
|
|
|a Библиогр.: с. 269-272.
|
| 320 |
|
|
|a Терминологический указатель: с. 273-278.
|
| 606 |
1 |
|
|a Геология
|2 stltpush
|3 (RuTPU)RU\TPU\subj\6095
|9 34054
|
| 610 |
1 |
|
|a теория
|
| 610 |
1 |
|
|a тектогенез
|
| 610 |
1 |
|
|a верхняя мантия
|
| 610 |
1 |
|
|a седиментогенез
|
| 610 |
1 |
|
|a литология
|
| 610 |
1 |
|
|a литосферные плиты
|
| 610 |
1 |
|
|a построение
|
| 610 |
1 |
|
|a тектоника
|
| 610 |
1 |
|
|a метеоритный удар
|
| 610 |
1 |
|
|a вещество
|
| 610 |
1 |
|
|a структура
|
| 610 |
1 |
|
|a мантия
|
| 610 |
1 |
|
|a металлогения
|
| 675 |
|
|
|a 55
|v 3
|
| 701 |
|
1 |
|a Абрамович
|b И. А.
|g Ильтезар Ильич
|
| 701 |
|
1 |
|a Груза
|b В. В.
|g Владимир Владимирович
|
| 701 |
|
1 |
|a Клушин
|b И. Г.
|g Игорь Геннадьевич
|
| 701 |
|
1 |
|a Масайтис
|b В. Л.
|g Виктор Людвигович
|
| 701 |
|
1 |
|a Романовский
|b С. И.
|g Сергей Иванович
|
| 801 |
|
1 |
|a RU
|b 63413507
|c 20131122
|
| 801 |
|
2 |
|a RU
|b 63413507
|c 20190322
|g RCR
|
| 942 |
|
|
|c BK
|